[Event "Ch Finland (team) 2009/10"]
[Site "Finland"]
[Date "2010.02.13"]
[Round "6"]
[White "Fieandt John (FIN)"]
[Black "Nyback Jukka (FIN)"]
[Result "0-1"]
[WhiteElo "2182"]
[BlackElo "2141"]

1.d4 Nf6 2.Nf3 d5 3.c4 c6 4.Nc3 g6 5.cxd5 cxd5 6.g3 Bg7 7.Bg2 O-O 8.O-O Nbd7
9.Qb3 Nb6 10.a4 Ne4 11.a5 Nxc3 12.Qxc3 Nc4 13.Bf4 Bg4 14.h3 Bxf3 15.Bxf3 Rc8
16.Qb4 Bxd4 17.Qxb7 e6 18.Ra4 Nxa5 19.Qa6 Bb6 20.Bh6 Re8 21.Qd3 Qf6 22.Bd2 Nc4
23.Bc3 Ne5 24.Bxe5 Qxe5 25.Kg2 Qxb2 {#R} 0-1

[Event "Memorial Tr.Siaperas (open)"]
[Site "Greece"]
[Date "2010.02.17"]
[Round "4"]
[White "Koerant Filipos (GRE)"]
[Black "Karlis Nikolaos (GRE)"]
[Result "1-0"]
[WhiteElo "1996"]
[BlackElo "1767"]

1.g3 g6 2.Bg2 Bg7 3.c4 Nf6 4.Nf3 d5 5.d4 c6 6.cxd5 cxd5 7.O-O O-O 8.Nc3 Nc6
9.Ne5 Bf5 10.Bf4 Nh5 11.Nxc6 bxc6 12.Bg5 f6 13.Bc1 Bd7 14.e4 dxe4 15.g4 Bxg4
16.Qxg4 f5 17.Qe2 Qxd4 18.Be3 Qe5 19.f4 Qe6 20.Rad1 Rfd8 21.Rxd8+ Rxd8 22.Rd1
Rxd1+ 23.Qxd1 Bxc3 24.bxc3 Qxa2 25.Qd8+ Kf7 26.Bf1 Qa1 27.Bc5 Nxf4 28.Qxe7+
Kg8 29.Qf8# 1-0

[Event "Tournament (open)"]
[Site "Barcelona (Spain)"]
[Date "2010.03.16"]
[Round "7"]
[White "Nikoladze Sopio (GEO)"]
[Black "Subira Zurita Marc"]
[Result "1-0"]
[WhiteElo "2257"]
[BlackElo "1931"]

1.d4 Nf6 2.Nf3 g6 3.g3 Bg7 4.Bg2 O-O 5.O-O d5 6.Ne5 Ng4 7.Nxg4 Bxg4 8.c4 c6
9.cxd5 cxd5 10.h3 Bd7 11.Nc3 e6 12.e3 b5 13.b3 Qb6 14.Bb2 Na6 15.f4 Rfc8 16.g4
f5 17.gxf5 gxf5 18.a3 Nc7 19.Ne2 h5 20.Ng3 Be8 21.Rc1 Bf7 22.Rf2 Ne8 23.Rfc2
Nd6 24.Nxh5 Bxh5 25.Qxh5 Qd8 26.Bf1 Rxc2 27.Rxc2 Rc8 28.Rg2 Qe7 29.Kh2 Qf7
30.Qe2 Qe7 31.Qe1 Qc7 32.Bd3 Qb6 33.Bc3 a5 34.Bxa5 {#r} 1-0

[Event "Dos Hermanas Internet Final"]
[Site "Internet"]
[Date "2010.03.19"]
[Round "2"]
[White "Barbosa Oliver (PHI)"]
[Black "Perez Ponsa Federico (ARG)"]
[Result "1-0"]
[WhiteElo "2448"]
[BlackElo "2469"]

1.g3 d5 2.Bg2 c6 3.c4 Nf6 4.Nf3 g6 5.O-O Bg7 6.d4 O-O 7.cxd5 cxd5 8.Nc3 Ne4
9.Bf4 Nxc3 10.bxc3 Nc6 11.Rb1 e6 12.Re1 b6 13.Qd2 Re8 14.Bh6 Bh8 15.e4 dxe4
16.Rxe4 Bb7 17.Rh4 Bf6 18.Bg5 Rc8 19.Qf4 Bxg5 20.Nxg5 f6 21.Nxh7 g5 22.Nxf6+
{#r} 1-0

[Event "Ch City"]
[Site "Berlin (Germany)"]
[Date "2010.03.30"]
[Round "1"]
[White "Schlemmermeyer Wilhelm (GER)"]
[Black "Sielaff Michael (GER)"]
[Result "1-0"]
[WhiteElo "2314"]
[BlackElo "2060"]

1.g3 d5 2.Bg2 Nf6 3.Nf3 c6 4.c4 g6 5.cxd5 cxd5 6.O-O Nc6 7.d4 Bg7 8.Nc3 O-O
9.Ne5 Nxe5 10.dxe5 Ng4 11.Qxd5 Nxe5 12.Qc5 Nc6 13.Rd1 Bxc3 14.Rxd8 Rxd8
15.Bxc6 Rd1+ 16.Kg2 Bd4 17.Qc2 Rxc1 18.Rxc1 bxc6 19.Qxc6 {#r} 1-0

[Event "Ch Russia (club) (high league)"]
[Site "Dagomys (Russia)"]
[Date "2010.04.04"]
[Round "3"]
[White "Maletin Pavel (RUS)"]
[Black "Gorovykh Eduard (RUS)"]
[Result "1-0"]
[WhiteElo "2621"]
[BlackElo "2447"]

1.d4 Nf6 2.c4 g6 3.g3 c6 4.Nf3 Bg7 5.Nc3 d5 6.cxd5 cxd5 7.Bg2 O-O 8.Ne5 e6
9.O-O Nfd7 10.f4 Nc6 11.Be3 Nb6 12.Bf2 Bd7 13.e4 Be8 14.exd5 exd5 15.Qf3 Ne7
16.b3 Bd7 17.a4 a5 18.Rac1 Re8 19.g4 Rc8 20.h3 Bf6 21.Kh1 Be6 22.Bg3 Bg7
23.Rfe1 Nd7 24.Bh4 Nf6 25.Qd3 Qb6 26.Rf1 Qxb3 27.f5 gxf5 28.gxf5 Nxf5 29.Rxf5
Bxf5 30.Qxf5 Ne4 31.Qxf7+ Kh8 32.Bxe4 Rf8 33.Bxd5 Qb2 34.Qg8+ {#r} 1-0

[Event "It \"]
[Site "Bad Homburg (Germany)"]
[Date "2010.06.05"]
[Round "5"]
[White "Biegel Thomas (GER)"]
[Black "Riha Peter (GER)"]
[Result "1-0"]
[WhiteElo "2024"]
[BlackElo "1806"]

1.d4 Nf6 2.c4 g6 3.g3 Bg7 4.Bg2 c6 5.Nf3 d5 6.O-O O-O 7.cxd5 cxd5 8.Ne5 e6
9.Qb3 Nfd7 10.f4 Nxe5 11.fxe5 f6 12.exf6 Rxf6 13.Bf4 g5 14.Bxb8 Rxf1+ 15.Bxf1
Rxb8 16.e3 Bd7 17.Nc3 b5 18.Bh3 b4 19.Na4 h5 20.Nc5 g4 21.Bg2 Kh8 22.Rf1 Qe7
23.Re1 Bc6 24.Nd3 Kh7 25.Qc2 Kh6 26.Qxc6 {#r} 1-0

[Event "It (open)"]
[Site "Di Roseto (Italy)"]
[Date "2010.06.07"]
[Round "4"]
[White "Romanishin Oleg M (UKR)"]
[Black "Rombaldoni Axel (ITA)"]
[Result "1-0"]
[WhiteElo "2534"]
[BlackElo "2453"]

1.d4 Nf6 2.Nf3 g6 3.g3 Bg7 4.Bg2 O-O 5.c4 c6 6.O-O d5 7.cxd5 cxd5 8.Ne5 Nc6
9.Nc3 Qb6 10.Nxc6 bxc6 11.b3 Ng4 12.e3 e5 13.Na4 Qc7 14.h3 Nh6 15.dxe5 Bxe5
16.Bb2 Bxb2 17.Nxb2 Ba6 18.Re1 Rad8 19.Rc1 c5 20.Na4 c4 21.Nc3 Bb7 22.Nxd5
Bxd5 23.Bxd5 Nf5 24.Qf3 Qa5 25.bxc4 Qxa2 26.Ra1 {#r} 1-0

[Event "Ch Germany (juniors) (Internet) (under 25) (qual3)"]
[Site "Internet"]
[Date "2010.06.09"]
[Round "2"]
[White "Pogan Nikolas (GER)"]
[Black "Rittemann Steffen (GER)"]
[Result "0-1"]
[WhiteElo "2150"]
[BlackElo "2175"]

1.d4 Nf6 2.c4 g6 3.g3 Bg7 4.Nc3 O-O 5.Bg2 c6 6.Nf3 d5 7.cxd5 cxd5 8.O-O Nc6
9.Ne5 Bf5 10.Nxc6 bxc6 11.Bf4 Rc8 12.Na4 Ne4 13.Rc1 Re8 14.Nc5 Nxc5 15.Rxc5
Qb6 16.b3 e5 17.Be3 exd4 18.Bxd4 Bxd4 19.Qxd4 Rxe2 20.Bxd5 cxd5 21.Rxc8+ Bxc8
22.Qxb6 axb6 {#R} 0-1

[Event "It (open)"]
[Site "Brno (Czech Republic)"]
[Date "2010.07.03"]
[Round "7"]
[White "Gajdos Daniel (CZE)"]
[Black "Vesely Jaromir (CZE)"]
[Result "0-1"]
[WhiteElo "1771"]
[BlackElo "1989"]

1.Nf3 Nf6 2.g3 g6 3.Bg2 Bg7 4.d4 d5 5.c4 c6 6.cxd5 cxd5 7.Nc3 Nc6 8.O-O O-O
9.Ne5 Be6 10.Nxc6 bxc6 11.Bf4 Rc8 12.Na4 Nd7 13.Rc1 f6 14.Nc5 Nxc5 15.Rxc5 Bd7
16.e4 e5 17.exd5 exf4 18.dxc6 Be8 19.d5 Qd6 20.b4 f5 21.gxf4 Bh6 22.Re1 Bf7
23.Qf3 Bxf4 24.h4 Rfe8 25.Rxe8+ Bxe8 26.Qe2 Bf7 27.Qa6 Rc7 28.Rb5 Re7 29.Qc8+
Kg7 30.Rb7 Re1+ 31.Bf1 Qxd5 32.Qd7 Qc4 {#R} 0-1

[Event "It (open)"]
[Site "La Fere (France)"]
[Date "2010.07.04"]
[Round "2"]
[White "Vernede Victor (FRA)"]
[Black "Pottier Philippe"]
[Result "1-0"]
[WhiteElo "1697"]
[BlackElo "1480"]

1.c4 Nf6 2.Nc3 g6 3.g3 d5 4.Bg2 c6 5.cxd5 cxd5 6.d4 Bg7 7.Nf3 O-O 8.O-O Nbd7
9.e3 e6 10.Qc2 a6 11.e4 dxe4 12.Nxe4 Nxe4 13.Qxe4 Nf6 14.Qh4 Rb8 15.Bf4 Ra8
16.Be5 Nh5 17.Bxg7 Qxh4 18.Nxh4 Kxg7 19.Rac1 Nf6 20.Rc5 Rd8 21.Rfc1 Nd5
22.Bxd5 exd5 23.Rc7 Rb8 24.Nf3 Be6 25.Ng5 Re8 26.Re1 Kh6 27.Nxe6 fxe6 28.Rd7
Kg5 29.Rxh7 Kf6 30.Re5 b5 31.h4 Rbc8 32.g4 g5 33.hxg5+ Kg6 34.Rh6+ {#r} 1-0

[Event "Memorial Zudov"]
[Site "Nizhnij Tagil (Russia)"]
[Date "2010.07.04"]
[Round "11"]
[White "Kurzykov Andrey (RUS)"]
[Black "Kornev Alexander (KAZ)"]
[Result "1-0"]
[WhiteElo "2139"]
[BlackElo "2306"]

1.d4 Nf6 2.Nf3 g6 3.g3 Bg7 4.Bg2 O-O 5.O-O d5 6.c4 c6 7.cxd5 cxd5 8.Ne5 e6
9.Nc3 Nfd7 10.f4 Nc6 11.Be3 Ndxe5 12.fxe5 f6 13.exf6 Rxf6 14.Qd2 Bd7 15.Bg5
Rxf1+ 16.Rxf1 Qb6 17.e3 Rf8 18.Rxf8+ Kxf8 19.Qf2+ Kg8 20.Nxd5 {#r} 1-0

[Event "It (open)"]
[Site "Gent (Belgium)"]
[Date "2010.07.17"]
[Round "2"]
[White "Renette Hans (BEL)"]
[Black "Van Hoecke Luc (BEL)"]
[Result "1-0"]
[WhiteElo "2348"]
[BlackElo "1893"]

1.d4 Nf6 2.Nf3 g6 3.g3 Bg7 4.Bg2 O-O 5.O-O d5 6.c4 c6 7.cxd5 cxd5 8.Ne5 b6
9.Nc3 Bb7 10.Qa4 a6 11.Rd1 b5 12.Qb3 Nc6 13.a4 e6 14.axb5 Nxe5 15.dxe5 Ng4
16.bxa6 Bxa6 17.Nxd5 Nxe5 18.Nc3 {#r} 1-0

[Event "Ch Spain (juniors) (under 14)"]
[Site "Linares (Spain)"]
[Date "2010.07.17"]
[Round "7"]
[White "Nicolas Zapata Irene (ESP)"]
[Black "Martin Prior Francisco Jose (ESP)"]
[Result "1-0"]
[WhiteElo "2027"]
[BlackElo "1769"]

1.d4 Nf6 2.c4 g6 3.Nf3 Bg7 4.g3 c6 5.Bg2 d5 6.cxd5 cxd5 7.Nc3 Nc6 8.O-O a6
9.Bf4 O-O 10.Ne5 Bf5 11.Rc1 Rc8 12.Na4 Re8 13.Nxc6 Rxc6 14.Rxc6 bxc6 15.Nc5
Nd7 16.Nxd7 Bxd7 17.b3 Qa5 18.a4 Qc3 19.e4 dxe4 20.Bxe4 Bxd4 21.Bd2 Qc5 22.Be3
e5 23.Bh6 Be6 24.Qf3 f5 25.Bb1 Bd5 26.Qd3 Qb6 27.Ba2 c5 28.h4 Qc6 29.Kh2 Rb8
30.Qc2 Qe6 31.Qd2 Bxb3 32.Qa5 Ra8 33.Qc7 {#r} 1-0

[Event "It (open) (b)"]
[Site "Senta (Serbia)"]
[Date "2010.07.18"]
[Round "2"]
[White "Kalinic Dusan (SRB)"]
[Black "Agoston Aron (SRB)"]
[Result "0-1"]
[WhiteElo "1965"]
[BlackElo "2039"]

1.d4 Nf6 2.Nf3 g6 3.c4 Bg7 4.Nc3 d5 5.g3 O-O 6.Bg2 c6 7.cxd5 cxd5 8.O-O Nc6
9.Ne5 e6 10.f4 Bd7 11.Be3 Rc8 12.Bf2 Ne7 13.Qb3 Bc6 14.Rac1 Qd6 15.Rfd1 Rc7
16.Be1 Rfc8 17.Nb1 Ba4 18.Qxa4 Rxc1 19.Nc3 Rxd1 20.Qxd1 Nf5 21.Qd2 Qb6 22.Bf2
Nd6 23.h3 Qb4 24.Nd3 Qa5 25.Be1 Nc4 26.Qc1 Qb6 27.Bf2 Nd6 28.Qb1 Rxc3 {#R} 0-1

[Event "It (open)"]
[Site "Dortmund (Germany)"]
[Date "2010.07.20"]
[Round "4"]
[White "Nalbandian Tigran (ARM)"]
[Black "Liedtke Dirk (GER)"]
[Result "1-0"]
[WhiteElo "2456"]
[BlackElo "2189"]

1.Nf3 g6 2.g3 Bg7 3.Bg2 Nf6 4.c4 O-O 5.O-O c6 6.d4 d5 7.cxd5 cxd5 8.Ne5 Nc6
9.Nxc6 bxc6 10.Nc3 Bf5 11.Bf4 Nd7 12.Na4 e5 13.dxe5 Nxe5 14.Rc1 Rc8 15.b3 Qe7
16.Qd2 Rfe8 17.Bg5 f6 18.Bf4 g5 19.Be3 Ng4 20.Rc3 Nxe3 21.Rxe3 Qd6 22.Rc1 Bf8
23.Rxe8 Rxe8 24.Rxc6 {#r} 1-0

[Event "Ch Portugal (team) (1 div) (final)"]
[Site "Vila Nova de Gaia (Portugal)"]
[Date "2010.07.29"]
[Round "6"]
[White "Parreira A"]
[Black "Meireles Ana (POR)"]
[Result "1-0"]
[WhiteElo "1748"]
[BlackElo "1678"]

1.Nf3 Nf6 2.g3 g6 3.Bg2 Bg7 4.O-O O-O 5.c3 c5 6.d4 cxd4 7.cxd4 d5 8.Nc3 Ne4
9.Nxe4 dxe4 10.Ne5 Bf5 11.g4 Bxe5 12.gxf5 Qxd4 13.Qxd4 Bxd4 14.Bxe4 Nc6 15.Bg5
gxf5 16.Bxf5 Kh8 17.Kh1 Rg8 18.Bf4 Ne5 19.e3 Bxb2 20.Rab1 e6 21.Rxb2 Nc4
22.Rb4 exf5 23.Rxc4 Rgc8 24.Rfc1 Rd8 25.R1c2 Rd1+ 26.Kg2 f6 27.Rc5 Kg7 28.Rc7+
{#r} 1-0

[Event "Memorial I.Ermolaev (open)"]
[Site "Irkutsk (Russia)"]
[Round "6"]
[White "Goryachkin Alexander (RUS)"]
[Black "Mufazalova Vera (RUS)"]
[Result "1-0"]
[WhiteElo "2100"]
[BlackElo "1752"]

1.Nf3 Nf6 2.c4 c6 3.g3 d5 4.Bg2 g6 5.cxd5 cxd5 6.d4 Bg7 7.Nc3 O-O 8.O-O Nc6
9.h3 b6 10.Re1 Bb7 11.Be3 Rc8 12.Qd2 e6 13.Bg5 Qe8 14.Bh6 Na5 15.Bxg7 Kxg7
16.b3 Qe7 17.Rac1 Ba6 18.e4 dxe4 19.Nxe4 Rxc1 20.Qxc1 Rc8 21.Qd2 Nxe4 22.Rxe4
Qc7 23.Kh2 Qc2 24.Qf4 Qxf2 25.Qe5+ Kg8 26.Rf4 Qe2 27.Qf6 Rf8 28.Ng5 Bb7 29.Rf2
Qh5 30.Nxf7 Bxg2 31.Qh8# 1-0

[Event "It (open) (juniors) (under 12)"]
[Site "Bento Goncalves (Brazil)"]
[Date "2010.08.03"]
[Round "2"]
[White "Brito Moises (VEN)"]
[Black "Munoz Francisco (COL)"]
[Result "0-1"]
[WhiteElo "1863"]
[BlackElo "2215"]

1.Nf3 Nf6 2.g3 g6 3.Bg2 Bg7 4.O-O O-O 5.c4 c6 6.Nc3 d5 7.cxd5 cxd5 8.d4 Nc6
9.Bf4 Qb6 10.Qd2 Rd8 11.Na4 Qb4 12.Qxb4 Nxb4 13.a3 Nc6 14.Rac1 Ne4 15.Rfd1 Bg4
16.Ne5 Bxe2 17.Nxc6 bxc6 18.Re1 Bb5 19.Bxe4 dxe4 20.Nc3 f5 21.Nxb5 cxb5 22.Rc5
Bxd4 23.Rxb5 Rac8 24.Re2 Bb6 25.Bg5 Kf7 26.a4 Rc5 27.Rb4 Rdd5 28.Kg2 e5 29.Be3
Rc6 30.Rb3 Rd3 31.Rb5 {#R} 0-1

[Event "Tournament (Elo)"]
[Site "Branchburg (USA)"]
[Date "2010.08.22"]
[Round "9"]
[White "Stoyko Stephen E (USA)"]
[Black "Grasso David (USA)"]
[Result "0-1"]
[WhiteElo "2196"]
[BlackElo "2181"]

1.Nf3 Nf6 2.g3 g6 3.Bg2 Bg7 4.O-O O-O 5.c4 c6 6.Nc3 d5 7.cxd5 cxd5 8.d4 e6
9.Bg5 h6 10.Bf4 Nc6 11.Qd2 Kh7 12.Ne5 Nd7 13.Nxc6 bxc6 14.Na4 Qf6 15.Bd6 Re8
16.e3 e5 17.dxe5 Nxe5 18.Bc5 Bh3 19.f4 Nc4 20.Qc1 Bxg2 21.Kxg2 Qf5 22.Rf3 Rab8
23.b3 Bxa1 24.Qxa1 Qc2+ 25.Kh3 Qe2 26.Qf6 Rb7 27.Bd4 Rg8 28.Qxc6 Qxf3 29.bxc4
Qf1+ 30.Kh4 g5+ 31.Kg4 h5+ {#R} 0-1

[Event "It (open)"]
[Site "Kuala Lumpur (Malaysia)"]
[Date "2010.09.04"]
[Round "6"]
[White "Dotsenko Viacheslav (RUS)"]
[Black "Mok Tze-Meng (MAS)"]
[Result "0-1"]
[WhiteElo "2054"]
[BlackElo "2416"]

1.Nf3 g6 2.d4 Bg7 3.g3 Nf6 4.Bg2 c5 5.c3 cxd4 6.cxd4 O-O 7.O-O d5 8.Nc3 Nc6
9.Bf4 Bf5 10.Rc1 Rc8 11.Ne5 Qa5 12.Qd2 Rfd8 13.Rfd1 Ng4 14.Nxc6 bxc6 15.h3 Nf6
16.g4 Be6 17.a3 h5 18.f3 c5 19.e3 cxd4 20.exd4 hxg4 21.hxg4 Nd7 22.Bf1 Nb6
23.Qf2 Nc4 24.Kg2 Rc6 25.Bd3 Rdc8 26.Rh1 Nxb2 27.Bb1 Rxc3 28.Rxc3 Qxc3 29.Qh4
Qxd4 30.Qh7+ Kf8 31.Bxg6 Qxf4 {#R} 0-1

[Event "It (open)"]
[Site "Kuala Lumpur (Malaysia)"]
[Date "2010.09.07"]
[Round "9"]
[White "Dragicevic Domagoj (AUS)"]
[Black "Aswin Jayaram (IND)"]
[Result "0-1"]
[WhiteElo "2195"]
[BlackElo "2431"]

1.c4 Nf6 2.Nc3 g6 3.Nf3 Bg7 4.g3 c6 5.Bg2 d5 6.cxd5 cxd5 7.O-O O-O 8.d4 Nc6
9.Bf4 e6 10.Ne5 Nd7 11.Nxd7 Bxd7 12.Bd6 Re8 13.e3 Qb6 14.Ba3 Na5 15.b3 Rec8
16.Rc1 Qa6 17.Re1 Nc4 18.bxc4 Qxa3 19.Nb1 Qxa2 20.cxd5 Rxc1 21.Qxc1 Rc8 22.Qa3
Qxa3 23.Nxa3 Bf8 24.dxe6 fxe6 25.Nb1 Bb4 26.Rd1 Ba4 {#R} 0-1

[Event "It (open) \"]
[Site "Bol (Croatia)"]
[Date "2010.09.17"]
[Round "5"]
[White "Martinovic Sasa (CRO)"]
[Black "Dubois Martine (FRA)"]
[Result "1-0"]
[WhiteElo "2507"]
[BlackElo "1966"]

1.Nf3 Nf6 2.g3 g6 3.Bg2 Bg7 4.c4 O-O 5.d4 c6 6.Nc3 d5 7.cxd5 cxd5 8.Ne5 Nc6
9.O-O e6 10.Nxc6 bxc6 11.Na4 Ne8 12.b3 Nd6 13.Ba3 Re8 14.Rc1 Nb5 15.Bb2 Bd7
16.Nc5 e5 17.dxe5 Bxe5 18.Bxe5 Rxe5 19.e4 d4 20.Nxd7 Qxd7 21.a4 Nc7 22.f4 Rh5
23.Qd3 Ne6 24.f5 Ng5 25.h4 {#r} 1-0

[Event "It (open) (b)"]
[Site "Forchheim (Germany)"]
[Date "2010.10.02"]
[Round "3"]
[White "Heinkelmann Josef (GER)"]
[Black "Zenner Stefan"]
[Result "1-0"]
[WhiteElo "1914"]
[BlackElo "1502"]

1.c4 c6 2.Nf3 g6 3.Nc3 Bg7 4.g3 Nf6 5.Bg2 O-O 6.d4 d5 7.cxd5 cxd5 8.O-O e6
9.Bg5 Nc6 10.Ne5 h6 11.Bf4 g5 12.Nxc6 bxc6 13.Be5 Nd7 14.Bxg7 Kxg7 15.Rc1 Qe7
16.Na4 Bb7 17.Qd2 f6 18.Rfe1 Rfc8 19.Nc5 Nxc5 20.Rxc5 e5 21.e4 Rd8 22.exd5
cxd5 23.Qa5 e4 24.Bh3 Kg6 25.Rc7 Qd6 26.Rxb7 Rac8 27.Bxc8 {#r} 1-0

[Event "Ch Sweden (team) 2010/11"]
[Site "Sweden"]
[Date "2010.10.10"]
[Round "3"]
[White "Brynell Stellan (SWE)"]
[Black "Von Bahr Oskar (SWE)"]
[Result "1-0"]
[WhiteElo "2492"]
[BlackElo "2319"]

1.d4 Nf6 2.c4 g6 3.g3 c6 4.Bg2 d5 5.cxd5 cxd5 6.Nc3 Bg7 7.Nf3 O-O 8.Ne5 e6
9.O-O Nfd7 10.Nf3 Nc6 11.Bf4 Nf6 12.Rc1 Bd7 13.Bd6 Re8 14.Ne5 Qb6 15.Bc5 Qa6
16.b4 Ne7 17.Qb3 Rac8 18.Nxd7 Nxd7 19.Bxe7 Rxc3 {#r} 1-0

[Event "It (open)"]
[Site "Villa Martelli (Argentina)"]
[Date "2010.10.13"]
[Round "2"]
[White "Tokman Ariel (ARG)"]
[Black "Dos Santos Ramiro (ARG)"]
[Result "0-1"]
[WhiteElo "2202"]
[BlackElo "2438"]

1.d4 Nf6 2.c4 g6 3.Nf3 Bg7 4.g3 O-O 5.Bg2 c6 6.O-O d5 7.cxd5 cxd5 8.Nc3 e6
9.Bf4 Nc6 10.Rc1 Nd7 11.Qd2 Nb6 12.b3 Qe7 13.Nb5 Rd8 14.Nc7 Rb8 15.Rxc6 bxc6
16.Nxd5 cxd5 17.Bxb8 Ba6 18.Bf4 Rc8 19.Ne5 Nd7 20.Nf3 Qa3 21.Re1 Bf8 22.Bf1
Nf6 23.Qd1 Ne4 24.Bc1 Qa5 25.Bb2 Ba3 26.Bxa3 Qxa3 27.Ne5 Qb2 {#R} 0-1

[Event "Czech League 2010/11 (2nd) (f)"]
[Site "Czech Republic"]
[Date "2010.10.17"]
[Round "1"]
[White "Siwek Antonin (CZE)"]
[Black "Kvicala Miroslav (CZE)"]
[Result "0-1"]
[WhiteElo "1936"]
[BlackElo "2042"]

1.Nf3 Nf6 2.d4 g6 3.g3 Bg7 4.Bg2 O-O 5.c4 c6 6.O-O d5 7.cxd5 cxd5 8.Nc3 Nc6
9.b3 Bf5 10.Bb2 Rc8 11.Rc1 Ne4 12.h3 Nxc3 13.Bxc3 Be4 14.e3 Qd6 15.Qd2 e6
16.Ng5 Bxg2 17.Kxg2 Rc7 18.Rc2 Rfc8 19.Rfc1 Bf8 20.Nf3 Qd7 21.Bb2 b5 22.Ne5
Nxe5 23.dxe5 a6 24.Rxc7 Rxc7 25.Qa5 Rxc1 26.Bxc1 Qc6 27.Qd2 d4+ 28.f3 d3
29.Bb2 Qd5 30.e4 Qd8 31.Bc1 Bc5 32.Qg5 Qd4 {#R} 0-1

[Event "Czech League 2010/11 (1st) East"]
[Site "Czech Republic"]
[Date "2010.10.24"]
[Round "2"]
[White "Krejci Jan (CZE)"]
[Black "Krcal Michal (CZE)"]
[Result "1-0"]
[WhiteElo "1719"]
[BlackElo "2101"]

1.Nf3 Nf6 2.c4 g6 3.g3 Bg7 4.Bg2 c6 5.O-O O-O 6.d4 d5 7.cxd5 cxd5 8.Nc3 Nc6
9.Bf4 Ne4 10.Rc1 Bg4 11.Ne5 Nxe5 12.dxe5 g5 13.Nxd5 gxf4 14.Bxe4 fxg3 15.hxg3
Bxe5 16.Qd3 e6 17.Bxh7+ Kh8 18.Ne3 Bh3 19.Rfd1 Qg5 20.Be4 f5 21.Bg2 Rad8
22.Qb3 f4 23.Nf1 fxg3 24.Nxg3 Bd4 25.Bxh3 Bxf2+ 26.Kg2 Rxd1 27.Rxd1 Be3
28.Qxe6 Rg8 29.Bg4 {#r} 1-0

[Event "Ch Kuzbass"]
[Site "Kemerovo (Russia)"]
[Date "2010.10.27"]
[Round "6"]
[White "Ponomarenko Natalia (RUS)"]
[Black "Ermakov Jan (RUS)"]
[Result "0-1"]
[WhiteElo "1926"]
[BlackElo "2183"]

1.d4 Nf6 2.Nf3 g6 3.c4 Bg7 4.g3 c6 5.Bg2 d5 6.cxd5 cxd5 7.O-O O-O 8.Nc3 Nc6
9.Ne5 e6 10.Nxc6 bxc6 11.Na4 Nd7 12.b3 c5 13.Bb2 Ba6 14.dxc5 Bxb2 15.Nxb2 Nxc5
16.Qd4 Qb6 17.Rfc1 Rac8 18.e3 Nd7 19.Qd2 Ne5 20.Na4 Qd6 21.Rxc8 Rxc8 22.Rc1
Rxc1+ 23.Qxc1 d4 24.Qd2 d3 25.f4 Ng4 26.Nb2 Qc5 27.Be4 Nxe3 28.Nxd3 Qd4 29.Kh1
Qxe4+ {#R} 0-1

[Event "It (open)"]
[Site "Brasilia (Brazil)"]
[Date "2010.11.13"]
[Round "3"]
[White "Da Silva Santos Henry Franklin (BRA)"]
[Black "Cardoso Junior Cicero Assuncao (BRA)"]
[Result "0-1"]
[WhiteElo "1760"]
[BlackElo "1895"]

1.d4 d5 2.c4 c6 3.Nc3 Nf6 4.Nf3 g6 5.g3 Bg7 6.cxd5 cxd5 7.Bg2 O-O 8.O-O b6
9.Ne5 Bb7 10.Qb3 Ne4 11.Nxe4 dxe4 12.Bf4 Qd5 13.Qxd5 Bxd5 14.b3 Rd8 15.Rac1 f6
16.Ng4 Nc6 17.f3 Nxd4 18.Rf2 exf3 19.exf3 g5 20.Bd2 Bxf3 21.Bxf3 Nxf3+ 22.Kg2
Nxd2 23.Rc2 Ne4 24.Rfe2 f5 {#R} 0-1

[Event "Ch Region (open)"]
[Site "Gniezno (Poland)"]
[Date "2010.11.14"]
[Round "4"]
[White "Dzwikowski Adam (POL)"]
[Black "Jaroch Pawel (POL)"]
[Result "1-0"]
[WhiteElo "2004"]
[BlackElo "2228"]

1.Nf3 Nf6 2.g3 g6 3.Bg2 Bg7 4.O-O O-O 5.d4 d5 6.c4 c6 7.cxd5 cxd5 8.Nc3 e6
9.Ne5 Nfd7 10.Nf3 Nc6 11.Be3 h6 12.Qd2 Kh7 13.Rac1 f5 14.h4 Nf6 15.Nh2 Bd7
16.Rfd1 Qe7 17.b3 Rfc8 18.Qb2 Bf8 19.Nf3 Qa3 20.Qa1 Nb4 21.Ne5 Be8 22.Nd3 Nxd3
23.exd3 Ng4 24.Bf4 Bg7 25.Ne2 Bd7 26.Bf3 Nf6 27.Be5 g5 28.hxg5 hxg5 29.Rc5 b6
30.Rc3 Rxc3 31.Qxc3 Rc8 32.Qd2 Kg6 {#r} 1-0

[Event "It (open)"]
[Site "Porec (Croatia)"]
[Date "2010.12.04"]
[Round "5"]
[White "Martinovic Sasa (CRO)"]
[Black "Babic Radoslav (CRO)"]
[Result "1-0"]
[WhiteElo "2507"]
[BlackElo "2141"]

1.Nf3 Nf6 2.g3 g6 3.Bg2 Bg7 4.c4 O-O 5.d4 c6 6.Nc3 d5 7.cxd5 cxd5 8.Ne5 Nc6
9.O-O Bf5 10.Nxc6 bxc6 11.Bf4 Nh5 12.Be3 e5 13.dxe5 Bxe5 14.Bd4 Qf6 15.Bxe5
Qxe5 16.e3 Nf6 17.Rc1 Rfd8 18.Qa4 c5 19.Qa5 Bd3 20.Rfd1 c4 21.b3 Rd7 22.bxc4
Bxc4 23.Rd4 Rb8 24.Rxc4 {#r} 1-0

[Event "It (open)"]
[Site "Zuerich (Switzerland)"]
[Date "2010.12.27"]
[Round "2"]
[White "Aeschbach Werner (SUI)"]
[Black "Strunski Andreas (GER)"]
[Result "0-1"]
[WhiteElo "2109"]
[BlackElo "2373"]

1.Nf3 Nf6 2.c4 g6 3.g3 Bg7 4.Bg2 O-O 5.Nc3 c6 6.O-O d5 7.cxd5 cxd5 8.d4 Ne4
9.Qb3 Nxc3 10.bxc3 Nc6 11.Nd2 e6 12.a4 Na5 13.Qa2 b6 14.Ba3 Re8 15.e3 Ba6
16.Rfc1 Rc8 17.Bb4 Nc6 18.Ba3 Na5 19.Bb4 Nc4 20.Nb3 h5 21.a5 Bb5 22.Bf1 h4
23.Kg2 Qg5 24.axb6 axb6 25.Nd2 Qf5 26.Nxc4 h3+ 27.Kg1 Bxc4 28.Qc2 Qxc2 29.Rxc2
Bxf1 30.Kxf1 e5 31.Rb2 Re6 32.Ke2 exd4 {#R} 0-1

[Event "It (open)"]
[Site "Robecchetto (Italy)"]
[Date "2010.12.28"]
[Round "2"]
[White "Aranovitch Emiliano (ITA)"]
[Black "Gonella Daniele (ITA)"]
[Result "1-0"]
[WhiteElo "2335"]
[BlackElo "2006"]

1.Nf3 Nf6 2.g3 g6 3.Bg2 Bg7 4.O-O O-O 5.d4 d5 6.c4 c6 7.cxd5 cxd5 8.Ne5 Nc6
9.Nc3 e6 10.Nxc6 bxc6 11.Na4 Nd7 12.Bf4 Re8 13.Rc1 Nb6 14.Nc5 g5 15.Be3 Rb8
16.b3 h6 17.Qd2 Kh7 18.Nd3 Bd7 19.Ne5 Bxe5 20.dxe5 f6 21.f4 fxe5 22.fxe5 Rf8
23.Bc5 Rxf1+ 24.Rxf1 Be8 25.Qd3+ {#r} 1-0

[Event "It (cat.2)"]
[Site "Kecskemet (Hungary)"]
[Date "2011.01.02"]
[Round "8"]
[White "Blandini Carmelo Prof (ITA)"]
[Black "Peredy Ferenc (HUN)"]
[Result "0-1"]
[WhiteElo "1996"]
[BlackElo "2192"]

1.Nf3 d5 2.g3 g6 3.Bg2 Bg7 4.O-O Nf6 5.d4 O-O 6.c4 c6 7.cxd5 cxd5 8.Nc3 Nc6
9.Bf4 e6 10.Rc1 Nh5 11.Be3 h6 12.a3 f5 13.Qd3 g5 14.Bd2 Bd7 15.e3 g4 16.Ne1
Nf6 17.b4 Ne4 18.Nc2 h5 19.Na1 a5 20.b5 Ne7 21.a4 Nc8 22.Nd1 Ncd6 23.Nb2 h4
24.Rc2 Be8 25.Rfc1 hxg3 26.hxg3 b6 27.Nb3 Ra7 28.Be1 Ng5 29.Nc5 Qf6 30.Na6
Nf3+ 31.Kf1 Qh6 32.Rc7 Rxc7 33.Rxc7 Qh2 34.Bxf3 gxf3 {#R} 0-1

[Event "It (open)"]
[Site "S. Eufemia d'Aspromonte (Italy)"]
[Date "2011.01.05"]
[Round "8"]
[White "Lazic Miroljub (SRB)"]
[Black "Gregori Giacomo (ITA)"]
[Result "1-0"]
[WhiteElo "2463"]
[BlackElo "1993"]

1.g3 d5 2.Nf3 Nf6 3.Bg2 g6 4.d4 Bg7 5.c4 c6 6.cxd5 cxd5 7.O-O O-O 8.Ne5 Nc6
9.Nc3 Be6 10.Nxc6 bxc6 11.b3 c5 12.dxc5 Ne4 13.Nxe4 Bxa1 14.Bh6 Bg7 15.Bxg7
Kxg7 16.Ng5 Bf5 17.Bxd5 Rc8 18.Qa1+ Kg8 19.Rd1 Qa5 20.c6 Bc2 21.Qe5 Qc7
22.Bxf7+ {#r} 1-0